| 000 | 00424pab a2200145 454500 | ||
|---|---|---|---|
| 008 | 180718b1988 xxu||||| |||| 00| 0 eng d | ||
| 100 | _aMcGregor, Eugene B, Jr. | ||
| 245 |
_aThe public sector human resource puzzle _bStrategic management of a strategic resource |
||
| 260 | _c1988 | ||
| 300 | _a941-50 | ||
| 362 | _aNov.-Dec. | ||
| 650 | _aPublic Administration | ||
| 773 | _aPublic Administration Review | ||
| 909 | _a16876 | ||
| 999 |
_c16876 _d16876 |
||